000 01231nam a2200253 i 4500
001 167774
003 ES-MaACL
005 20250716063327.0
008 050928s1768 sz af | |||||||| ||fre d
040 _aCAM
_bspa
_cCAM
100 0 _aVoltaire,
_d1694-1778
_9115721
245 1 3 _aLa Henriade en dix chants
_b: précédée, accompagnée & suivie de toutes les pièces relatives à ce poëme & à la poésie epique en général : auxquelles on a joint Le Temple du gout, les Discours sur l'homme, les Poëmes de Fontenoy, sur Le désastre de Lisbonne, sur la Loi naturelle, &c., &c.
260 _aGenève :
_b[s.n.],
_c1768.
300 _a[2], XXXII, 483 p. ;
_c4º.
490 1 _aCollection complette des oeuvres de M. de Voltaire ;
_v1
505 8 _aContiene: Préface pour la Henriade / par M. Marmontel: p. XXI-XXXII
596 _aSegún la BN Opale-plus impreso por Cramer.
597 _aSign.: [ ]1, a-d4, A-2Z4, 3A-3O4, 3P2.
598 _aDato de serie tomado de BN Opale-plus.
700 1 _aMarmontel, Jean-François.
_9129519
830 0 _aCollection complette des oeuvres de M. de Voltaire ;
_v1
_9188768
852 _aES-MaACL
_jR-761
_z-- Enc. hol.
_x Olim: G-6601
999 _c167774
_d167774